000
00160 a2200085 4500
041
_a
spa
100
_a
Anonimo
245
_a
El principe de la lucha
942
_c
BK
999
_c
14822
_d
14822